Aventuras do escoteiro Bila (Record no. 72632)

MARC details
000 -LÍDER
campo de controle de tamanho fixo 00395 a2200169 4500
001 - NÚMERO DE CONTROLE
campo de controle 72632
020 ## - ISBN - INTERNATIONAL STANDARD BOOK NUMBER
ISBN - International Standard Book Number 857056502X
040 ## - FONTE DA CATALOGAÇÃO
Instituição que transcreveu o registro Anchieta - Colégio São Paulo
100 ## - ENTRADA PRINCIPAL--NOME PESSOAL
Nome pessoal Mott, Odette de Barros
240 10 - TÍTULO UNIFORME
Título uniforme Aventuras do escoteiro Bila
Idioma da obra por
245 10 - TÍTULO
Título Aventuras do escoteiro Bila
300 ## - DESCRIÇÃO FÍSICA
Extensão 75
362 0# - DATAS DE PUBLICAÇÃO E/OU DESIGNAÇÃO SEQUENCIAL
Datas de publicação e/ou designação sequencial 1997
440 #1 - DECLARAÇÃO DE SÉRIE/ENTRADA ADICIONADA--TÍTULO
Título Atual
650 #4 - ASSUNTO--TERMO TÓPICO
Cabeçalho tópico ou nome geográfico Literatura juvenil
942 ## - ELEMENTOS DE ENTRADA ADICIONADOS (KOHA)
Tipo de material Koha Livros
Holdings
Situação do descarte Situação das perdas Situação física Não pode ser emprestado Biblioteca de origem Biblioteca atual Data de aquisição Total de empréstimos Número de chamada completo Código de barras Data de último acesso Data do preço efetivo Tipo de material Koha
        Colégio São Paulo Colégio São Paulo 22/11/2023   LJ 028.5 M921a 2320/CSP 22/11/2023 22/11/2023 Livros